[Event "Lvov Zheliandinov Memorial"]
[Site "Lvov"]
[Date "2022.08.06"]
[Round "1"]
[White "Pugachov, Ilia"]
[Black "Polishchuk, Oleg"]
[Result "0-1"]
[WhiteElo "2103"]
[BlackElo "2128"]
[PlyCount "62"]
[EventDate "2022.08.06"]
[EventType "tourn"]
[EventRounds "11"]
[EventCountry "UKR"]
[SourceTitle "CBM 209 Extra"]
[Source "ChessBase"]
[SourceDate "2022.09.30"]
[SourceVersion "1"]
[SourceVersionDate "2022.09.30"]
[SourceQuality "1"]

1. e4 g6 2. d4 Bg7 3. Be3 c5 4. dxc5 Bxb2 5. Nd2 Nc6 6. Ngf3 Nf6 7. Rb1 Bc3 8. Rb3 Qa5 9. Bc4 Nxe4 10. 0-0 Nxd2 11. Nxd2 0-0 12. Ne4 Bg7 13. f4 Qa4 14. Qd3 Nb4 15. Rxb4 Qxb4 16. f5 d5 17. Qxd5 Bxf5 18. c3 Qa4 19. Rxf5 gxf5 20. Ng5 e6 21. Qd3 Rad8 22. Bd4 Rxd4 23. cxd4 Rd8 24. Nf3 Qb4 25. Kf1 Qb2 26. d5 Qc1+ 27. Ke2 exd5 28. Bxd5 Re8+ 29. Kf2 Qxc5+ 30. Kg3 Qd6+ 31. Kf2 Rd8 0-1

[Event "Pattaya op"]
[Site "Pattaya"]
[Date "2019.10.23"]
[Round "1"]
[White "Sakthivel, Heamish Kanha"]
[Black "Pugachov, Ilia"]
[Result "1-0"]
[WhiteElo "1785"]
[BlackElo "2138"]
[PlyCount "63"]
[EventDate "2019.10.23"]
[EventType "swiss"]
[EventRounds "9"]
[EventCountry "THA"]
[SourceTitle "CBM 195 Extra"]
[Source "ChessBase"]
[SourceDate "2020.05.31"]
[SourceVersion "1"]
[SourceVersionDate "2020.05.31"]
[SourceQuality "1"]

1. e4 d5 2. exd5 Qxd5 3. Nf3 Nf6 4. d4 Bg4 5. Be2 Nc6 6. h3 Bf5 7. 0-0 0-0-0 8. c3 h6 9. c4 Qd6 10. Be3 e6 11. Nc3 g5 12. c5 Qe7 13. Bb5 Nb8 14. Ne5 c6 15. Be2 Nfd7 16. Nc4 Nxc5 17. b4 Ncd7 18. b5 Qb4 19. Rc1 a6 20. a3 Qe7 21. bxc6 Nxc6 22. d5 exd5 23. Nxd5 Qe6 24. Bf3 Kb8 25. Qb3 Nde5 26. Nxe5 Nxe5 27. Rfd1 Nxf3+ 28. gxf3 Qg6 29. Qc3 Bd6 30. Qd4 Bc2 31. Qa7+ Kc8 32. Rd2 1-0

[Event "Lvov Tradition IM-A"]
[Site "Lvov"]
[Date "2017.03.22"]
[Round "2"]
[White "Pugachov, Ilia"]
[Black "Sevostianov, Pavel"]
[Result "1/2-1/2"]
[WhiteElo "2025"]
[BlackElo "2248"]
[PlyCount "59"]
[EventDate "2017.03.21"]
[EventType "tourn"]
[EventRounds "9"]
[EventCountry "UKR"]
[SourceTitle "CBM 177 Extra"]
[Source "ChessBase"]
[SourceDate "2017.04.27"]
[SourceVersion "1"]
[SourceVersionDate "2017.04.27"]
[SourceQuality "1"]

1. d4 Nf6 2. c4 e6 3. g3 Bb4+ 4. Bd2 Qe7 5. Bg2 Nc6 6. Nf3 Bxd2+ 7. Nbxd2 d6 8. 0-0 a5 9. e4 e5 10. d5 Nb8 11. Ne1 0-0 12. Nd3 c5 13. Nb1 Nbd7 14. Nc3 Nb6 15. b3 a4 16. Qe2 Ne8 17. f4 f6 18. fxe5 fxe5 19. Rxf8+ Qxf8 20. Rf1 Qe7 21. Nb5 axb3 22. axb3 Bd7 23. Qh5 Bxb5 24. cxb5 Nc7 25. Bh3 g6 26. Qh6 Rf8 27. Nf2 Qg7 28. Qd2 Ne8 29. Be6+ Kh8 30. Qa5 1/2-1/2

[Event "Lvov Bank op rapid"]
[Site "Lvov"]
[Date "2016.03.15"]
[Round "1"]
[White "Onischuk, Vladimir"]
[Black "Pugachov, Ilia"]
[Result "1-0"]
[WhiteElo "2614"]
[BlackElo "2150"]
[PlyCount "61"]
[EventDate "2016.03.15"]
[EventType "swiss (rapid)"]
[EventRounds "11"]
[EventCountry "UKR"]
[SourceTitle "CBM 171 Extra"]
[Source "ChessBase"]
[SourceDate "2016.04.26"]
[SourceVersion "1"]
[SourceVersionDate "2016.04.26"]
[SourceQuality "1"]

1. e4 c5 2. Nf3 d6 3. d4 cxd4 4. Nxd4 Nf6 5. Nc3 Nc6 6. g3 e6 7. Bg2 Bd7 8. 0-0 Be7 9. h3 Nxd4 10. Qxd4 Bc6 11. Be3 0-0 12. Rad1 Nd7 13. f4 Qc7 14. Qd3 Nc5 15. Qe2 a5 16. Bxc5 dxc5 17. e5 Bxg2 18. Kxg2 Rfd8 19. a4 Rd4 20. Qf3 Qb6 21. b3 Rad8 22. Nb5 Rxd1 23. Rxd1 Rxd1 24. Qxd1 Qc6+ 25. Qf3 c4 26. Qxc6 bxc6 27. Nd4 cxb3 28. cxb3 Bb4 29. Nxc6 Be1 30. b4 Kf8 31. bxa5 1-0

[Event "Lvov Maksym Yusupov Memorial 4th"]
[Site "Lvov"]
[Date "2016.01.30"]
[Round "9"]
[White "Pugachov, Ilia"]
[Black "Szostko, Jakub"]
[Result "1/2-1/2"]
[WhiteElo "2114"]
[BlackElo "2198"]
[PlyCount "60"]
[EventDate "2016.01.25"]
[EventType "tourn"]
[EventRounds "11"]
[EventCountry "UKR"]
[EventCategory "2"]
[SourceTitle "CBM 170 Extra"]
[Source "ChessBase"]
[SourceDate "2016.02.25"]
[SourceVersion "1"]
[SourceVersionDate "2016.02.25"]
[SourceQuality "1"]

1. d4 Nf6 2. c4 e6 3. g3 d5 4. Bg2 dxc4 5. Nf3 Bb4+ 6. Bd2 c5 7. 0-0 0-0 8. dxc5 Bxc5 9. Qc2 Nc6 10. Qxc4 Be7 11. Bf4 Qb6 12. Nc3 Bd7 13. Rfd1 Na5 14. Qc7 Rfc8 15. Qxb6 axb6 16. Ne5 Be8 17. Rac1 b5 18. Be3 Nc6 19. Nxc6 Bxc6 20. Bxc6 bxc6 21. a3 Nd5 22. Nxd5 cxd5 23. Bd4 Kf8 24. f4 h5 25. Kf2 f5 26. h4 g6 27. Ke3 Ke8 28. Kd3 Rc4 29. Rc3 Raa4 30. e3 Kd7 1/2-1/2

[Event "Lvov Maksym Yusupov Memorial 4th"]
[Site "Lvov"]
[Date "2016.01.29"]
[Round "8"]
[White "Kiolbasa, Oliwia"]
[Black "Pugachov, Ilia"]
[Result "1-0"]
[WhiteElo "2236"]
[BlackElo "2114"]
[PlyCount "45"]
[EventDate "2016.01.25"]
[EventType "tourn"]
[EventRounds "11"]
[EventCountry "UKR"]
[EventCategory "2"]
[SourceTitle "CBM 170 Extra"]
[Source "ChessBase"]
[SourceDate "2016.02.25"]
[SourceVersion "1"]
[SourceVersionDate "2016.02.25"]
[SourceQuality "1"]

1. e4 c5 2. Nf3 d6 3. d4 cxd4 4. Nxd4 Nf6 5. Nc3 Nc6 6. Bg5 e6 7. Qd2 Be7 8. 0-0-0 Nxd4 9. Qxd4 0-0 10. f3 Qa5 11. h4 Rd8 12. Kb1 a6 13. Qd2 Qc7 14. Bd3 b5 15. Ne2 Bb7 16. Nd4 d5 17. e5 Ne8 18. g4 Rdc8 19. Bxe7 Qxe7 20. f4 b4 21. f5 exf5 22. Nxf5 Qf8 23. Rhf1 1-0

[Event "Lvov Maksym Yusupov Memorial 4th"]
[Site "Lvov"]
[Date "2016.01.27"]
[Round "4"]
[White "Bondarets, Vadim"]
[Black "Pugachov, Ilia"]
[Result "0-1"]
[WhiteElo "2299"]
[BlackElo "2114"]
[PlyCount "52"]
[EventDate "2016.01.25"]
[EventType "tourn"]
[EventRounds "11"]
[EventCountry "UKR"]
[EventCategory "2"]
[SourceTitle "CBM 170 Extra"]
[Source "ChessBase"]
[SourceDate "2016.02.25"]
[SourceVersion "1"]
[SourceVersionDate "2016.02.25"]
[SourceQuality "1"]

1. Nf3 d5 2. g3 Nf6 3. Bg2 e6 4. 0-0 Be7 5. b3 c5 6. Bb2 Nc6 7. d4 0-0 8. Nbd2 cxd4 9. Nxd4 Bc5 10. Nxc6 bxc6 11. c4 Qb6 12. Bxf6 gxf6 13. e4 d4 14. Qg4+ Kh8 15. Qh5 e5 16. f4 d3+ 17. Kh1 Bd4 18. Rad1 Rg8 19. Qxf7 exf4 20. e5 Bxe5 21. gxf4 Bd4 22. Nf3 Bf5 23. Nxd4 Qxd4 24. Rfe1 Rxg2 25. Re5 Rxh2+ 26. Kxh2 Qxf4+ 0-1

[Event "Lvov Maksym Yusupov Memorial 4th"]
[Site "Lvov"]
[Date "2016.01.26"]
[Round "2"]
[White "Pugachov, Ilia"]
[Black "Sabuk, Piotr"]
[Result "0-1"]
[WhiteElo "2114"]
[BlackElo "2416"]
[PlyCount "128"]
[EventDate "2016.01.25"]
[EventType "tourn"]
[EventRounds "11"]
[EventCountry "UKR"]
[EventCategory "2"]
[SourceTitle "CBM 170 Extra"]
[Source "ChessBase"]
[SourceDate "2016.02.25"]
[SourceVersion "1"]
[SourceVersionDate "2016.02.25"]
[SourceQuality "1"]

1. Nf3 Nf6 2. g3 b5 3. Bg2 Bb7 4. 0-0 g6 5. d3 Bg7 6. e4 d6 7. a4 b4 8. Nbd2 0-0 9. Nc4 e5 10. Ne1 d5 11. exd5 Nxd5 12. Nf3 Nc6 13. Re1 Re8 14. Nfd2 Nd4 15. Nf3 Nxf3+ 16. Qxf3 Rb8 17. Qd1 Qd7 18. Bd2 Ba6 19. Na5 c5 20. Qf3 Nb6 21. Qc6 Qe7 22. Qf3 Qd7 23. Qc6 Qe7 24. Qf3 Rbc8 25. b3 Qc7 26. Ra2 Qd6 27. Be3 Re7 28. Qd1 Nd5 29. Bd2 e4 30. dxe4 Nc3 31. Bxc3 Qxd1 32. Rxd1 Bxc3 33. Rd6 Re6 34. Rd7 f5 35. Rxa7 Rd8 36. h4 fxe4 37. Bxe4 Rd1+ 38. Kh2 Be2 39. Bg2 Rf6 40. f4 h5 41. Re7 Ba6 42. Nc4 Kf8 43. Re2 Rf7 44. a5 Re7 45. Rxe7 Kxe7 46. Ne5 Rd2 47. Nf3 Rd1 48. Ne5 Kf6 49. Nc4 Re1 50. Nd6 Bd4 51. Ne4+ Kf5 52. Ng5 Re2 53. Kh1 Re1+ 54. Kh2 Re2 55. Kh1 c4 56. Nf3 Bc3 57. bxc4 b3 58. Ra3 b2 59. Rb3 Rxc2 60. Bh3+ Ke4 61. Bg2 Ke3 62. Kh2 Bxc4 63. Rb7 Bd5 64. Re7+ Kd3 0-1

[Event "Lvov Privalov Memorial"]
[Site "Lvov"]
[Date "2015.11.27"]
[Round "8"]
[White "Pugachov, Ilia"]
[Black "Anwesh, Upadhyaya"]
[Result "0-1"]
[WhiteElo "2115"]
[BlackElo "2409"]
[PlyCount "98"]
[EventDate "2015.11.23"]
[EventType "tourn"]
[EventRounds "9"]
[EventCountry "UKR"]
[EventCategory "1"]
[SourceTitle "CBM 169 Extra"]
[Source "ChessBase"]
[SourceDate "2015.12.18"]
[SourceVersion "1"]
[SourceVersionDate "2015.12.18"]
[SourceQuality "1"]

1. d4 d5 2. Nf3 Nf6 3. c4 e6 4. g3 dxc4 5. Bg2 Nc6 6. Qa4 Nd7 7. Qxc4 Nb6 8. Qd3 e5 9. 0-0 exd4 10. Rd1 Be7 11. Nxd4 Nxd4 12. Qxd4 Qxd4 13. Rxd4 c6 14. Nc3 Be6 15. Ne4 0-0 16. Bg5 f6 17. Bf4 Rfd8 18. Rxd8+ Rxd8 19. b3 Nd5 20. Rd1 Nxf4 21. Rxd8+ Bxd8 22. gxf4 Be7 23. Nd2 Kf7 24. Be4 g6 25. Bd3 Bb4 26. Nc4 b5 27. Ne3 f5 28. Nc2 Bc3 29. f3 Ke7 30. Kf2 Kd6 31. e3 Kc5 32. Ke2 a5 33. e4 Bd4 34. Kd2 Bg1 35. h3 fxe4 36. fxe4 Bxh3 37. f5 Bh2 38. Ke3 Be5 39. Ne1 gxf5 40. exf5 Bg4 41. Ke4 Bf6 42. Nf3 Bh5 43. Ne5 Kd6 44. Nf3 Bf7 45. Kf4 h6 46. Be4 a4 47. bxa4 bxa4 48. a3 c5 49. Bd3 Bb3 0-1

[Event "Lvov Privalov Memorial"]
[Site "Lvov"]
[Date "2015.11.24"]
[Round "3"]
[White "Pugachov, Ilia"]
[Black "Shkuran, Danylo"]
[Result "1/2-1/2"]
[WhiteElo "2115"]
[BlackElo "2428"]
[PlyCount "53"]
[EventDate "2015.11.23"]
[EventType "tourn"]
[EventRounds "9"]
[EventCountry "UKR"]
[EventCategory "1"]
[SourceTitle "CBM 169 Extra"]
[Source "ChessBase"]
[SourceDate "2015.12.18"]
[SourceVersion "1"]
[SourceVersionDate "2015.12.18"]
[SourceQuality "1"]

1. d4 Nf6 2. c4 g6 3. Nc3 Bg7 4. Nf3 0-0 5. g3 d6 6. Bg2 c6 7. 0-0 Qa5 8. e4 e5 9. Rb1 Bg4 10. d5 cxd5 11. cxd5 Na6 12. h3 Bd7 13. a3 Qd8 14. Bg5 h6 15. Be3 Ne8 16. b4 f5 17. Rc1 Nec7 18. Re1 Qe8 19. Kh2 Nb5 20. Nxb5 Bxb5 21. exf5 gxf5 22. Nh4 Qd7 23. Qh5 Qf7 24. Qd1 Bd7 25. f4 Rfc8 26. Qd2 e4 27. g4 1/2-1/2

[Event "Novoyavorivsk-ch"]
[Site "Novoyavorivsk"]
[Date "2013.10.06"]
[Round "6"]
[White "Omelja, Artem"]
[Black "Pugachov, Ilia"]
[Result "1-0"]
[WhiteElo "2253"]
[BlackElo "2120"]
[PlyCount "49"]
[EventDate "2013.10.03"]
[EventType "tourn"]
[EventRounds "9"]
[EventCountry "UKR"]
[EventCategory "2"]
[SourceTitle "EXT 2014"]
[Source "ChessBase"]
[SourceDate "2013.11.20"]
[SourceVersion "1"]
[SourceVersionDate "2013.11.20"]
[SourceQuality "1"]

1. d4 d5 2. c4 e6 3. Nc3 Nf6 4. Nf3 c6 5. e3 Nbd7 6. Qc2 dxc4 7. Bxc4 b5 8. Bd3 a6 9. Ne4 Qb6 10. Bd2 a5 11. Rc1 Bb7 12. Nc5 Bxc5 13. dxc5 Qc7 14. e4 0-0 15. h3 Rfd8 16. Be3 e5 17. 0-0 Nf8 18. Rfd1 Ne6 19. a4 Nd4 20. Bxd4 exd4 21. axb5 cxb5 22. c6 Ba6 23. e5 Nd5 24. Bxh7+ Kf8 25. Rxd4 1-0

[Event "Novoyavorivsk-ch"]
[Site "Novoyavorivsk"]
[Date "2013.10.06"]
[Round "7"]
[White "Pugachov, Ilia"]
[Black "Kruglyakov, Pavlo"]
[Result "0-1"]
[WhiteElo "2120"]
[BlackElo "2369"]
[PlyCount "52"]
[EventDate "2013.10.03"]
[EventType "tourn"]
[EventRounds "9"]
[EventCountry "UKR"]
[EventCategory "2"]
[SourceTitle "EXT 2014"]
[Source "ChessBase"]
[SourceDate "2013.11.20"]
[SourceVersion "1"]
[SourceVersionDate "2013.11.20"]
[SourceQuality "1"]

1. d4 Nf6 2. c4 g6 3. Nc3 d5 4. Qb3 dxc4 5. Qxc4 Bg7 6. Nf3 0-0 7. e4 a6 8. e5 b5 9. Qb3 Nfd7 10. h4 c5 11. e6 c4 12. exf7+ Rxf7 13. Qd1 Nc6 14. Be3 Nf6 15. Ng5 Rf8 16. a4 Rb8 17. axb5 axb5 18. Be2 h6 19. Nh3 e5 20. dxe5 Nxe5 21. Qxd8 Rxd8 22. Bf4 Re8 23. 0-0-0 Bf5 24. Rhe1 Kh7 25. Bf1 Nfd7 26. Ng1 Nc5 0-1

[Event "Novoyavorivsk-ch"]
[Site "Novoyavorivsk"]
[Date "2013.10.05"]
[Round "5"]
[White "Pugachov, Ilia"]
[Black "Grinev, Valeriy"]
[Result "1/2-1/2"]
[WhiteElo "2120"]
[BlackElo "2362"]
[PlyCount "80"]
[EventDate "2013.10.03"]
[EventType "tourn"]
[EventRounds "9"]
[EventCountry "UKR"]
[EventCategory "2"]
[SourceTitle "EXT 2014"]
[Source "ChessBase"]
[SourceDate "2013.11.20"]
[SourceVersion "1"]
[SourceVersionDate "2013.11.20"]
[SourceQuality "1"]

1. d4 Nf6 2. c4 e6 3. Nf3 c5 4. d5 exd5 5. cxd5 d6 6. Nc3 g6 7. Bf4 a6 8. a4 Bg7 9. h3 0-0 10. e3 Re8 11. Be2 Ne4 12. Ra3 g5 13. Bh2 f5 14. Nxe4 fxe4 15. Nd2 Qc7 16. Nc4 Bf8 17. a5 Nd7 18. Bg4 b5 19. Be6+ Kh8 20. Bxd7 Bxd7 21. Nb6 Ra7 22. 0-0 Bf5 23. Qh5 Qd8 24. Ra2 Rg7 25. b3 Bg6 26. Qd1 Qf6 27. Rc2 Bf5 28. f3 Qe7 29. Rcf2 Kg8 30. fxe4 Bxe4 31. Rf6 Qd8 32. Qg4 Bd3 33. R1f2 Bg6 34. Re6 Bf7 35. Re4 Rxe4 36. Qxe4 h5 37. Qf5 Bg6 38. Qe6+ Bf7 39. Qf5 Bg6 40. Qe6+ Bf7 1/2-1/2

[Event "Novoyavorivsk-ch"]
[Site "Novoyavorivsk"]
[Date "2013.10.04"]
[Round "3"]
[White "Pugachov, Ilia"]
[Black "Terletsky, Oleg"]
[Result "1/2-1/2"]
[WhiteElo "2120"]
[BlackElo "2274"]
[PlyCount "73"]
[EventDate "2013.10.03"]
[EventType "tourn"]
[EventRounds "9"]
[EventCountry "UKR"]
[EventCategory "2"]
[SourceTitle "EXT 2014"]
[Source "ChessBase"]
[SourceDate "2013.11.20"]
[SourceVersion "1"]
[SourceVersionDate "2013.11.20"]
[SourceQuality "1"]

1. e4 e5 2. Nf3 Nc6 3. Bc4 Nf6 4. Ng5 d5 5. exd5 Na5 6. Bb5+ c6 7. dxc6 bxc6 8. Be2 h6 9. Nf3 e4 10. Ne5 Bc5 11. 0-0 0-0 12. Ng4 Nxg4 13. Bxg4 f5 14. Bh5 f4 15. Nc3 Bf5 16. d3 exd3 17. cxd3 Bxd3 18. Be2 Bxe2 19. Qxe2 f3 20. Qe6+ Kh8 21. g3 Rf6 22. Qg4 Qd4 23. Ne4 Re8 24. Be3 Qxe4 25. Qxe4 Rxe4 26. Bxc5 Nc4 27. b3 Nb6 28. Rfe1 Rfe6 29. Rxe4 Rxe4 30. Be3 Re7 31. Rc1 Nd5 32. Rxc6 Nxe3 33. fxe3 Rxe3 34. Kf2 Re2+ 35. Kxf3 Rxa2 36. h4 Kh7 37. Rc7 1/2-1/2

[Event "Lvov Bilinsky Memorial op"]
[Site "Lvov"]
[Date "2011.02.20"]
[Round "9"]
[White "Pugachov, Ilia"]
[Black "Buturin, Vladimir"]
[Result "1-0"]
[WhiteElo "2140"]
[BlackElo "2311"]
[PlyCount "55"]
[EventDate "2011.02.18"]
[EventType "swiss"]
[EventRounds "9"]
[EventCountry "UKR"]
[SourceTitle "CBM 141 Extra"]
[Source "ChessBase"]
[SourceDate "2011.05.03"]
[SourceVersion "1"]
[SourceVersionDate "2011.05.03"]
[SourceQuality "1"]

1. d4 d6 2. c4 Nf6 3. Nc3 Nbd7 4. e4 e5 5. d5 Be7 6. Qc2 0-0 7. Nf3 Nh5 8. Be3 g6 9. Be2 Ng7 10. Nd2 f5 11. f3 Bg5 12. Bf2 Nf6 13. 0-0 h5 14. c5 Bd7 15. Nc4 Qe7 16. Qb3 b6 17. cxd6 cxd6 18. Qa3 fxe4 19. fxe4 b5 20. Nxd6 b4 21. Qxb4 Ng4 22. Bxg4 Bxg4 23. Bc5 Rfc8 24. Nxc8 Be3+ 25. Kh1 Qxc5 26. Ne7+ Kh7 27. Qxc5 Bxc5 28. Nc6 1-0

[Event "Lvov Bilinsky Memorial op"]
[Site "Lvov"]
[Date "2011.02.19"]
[Round "4"]
[White "Davymuka, Roman"]
[Black "Pugachov, Ilia"]
[Result "1-0"]
[WhiteElo "2138"]
[BlackElo "2140"]
[PlyCount "65"]
[EventDate "2011.02.18"]
[EventType "swiss"]
[EventRounds "9"]
[EventCountry "UKR"]
[SourceTitle "CBM 141 Extra"]
[Source "ChessBase"]
[SourceDate "2011.05.03"]
[SourceVersion "1"]
[SourceVersionDate "2011.05.03"]
[SourceQuality "1"]

1. d4 d5 2. Nf3 Nf6 3. g3 e6 4. Bg2 c5 5. c4 dxc4 6. Qa4+ Nbd7 7. 0-0 cxd4 8. Nxd4 Bc5 9. Qxc4 0-0 10. Nb3 Bb6 11. Nc3 Ne5 12. Qf4 Ng6 13. Qd2 Qe7 14. Qc2 Qc7 15. Bg5 Qe5 16. Bxf6 Qxf6 17. Na4 Bd8 18. Nac5 Rb8 19. Rad1 Qe7 20. Rd2 b6 21. Ne4 Bb7 22. Rfd1 Rc8 23. Qb1 Bd5 24. Nc3 Bxg2 25. Kxg2 Qb7+ 26. Qe4 Qa6 27. h4 Bf6 28. h5 Rc4 29. Nd4 Ne7 30. Qf3 Rxd4 31. Rxd4 Bxd4 32. Rxd4 Qc8 33. Ne4 1-0

[Event "Lvov Bilinsky Memorial op"]
[Site "Lvov"]
[Date "2011.02.18"]
[Round "2"]
[White "Kovalsky, Vadim"]
[Black "Pugachov, Ilia"]
[Result "0-1"]
[WhiteElo "1994"]
[BlackElo "2140"]
[PlyCount "52"]
[EventDate "2011.02.18"]
[EventType "swiss"]
[EventRounds "9"]
[EventCountry "UKR"]
[SourceTitle "CBM 141 Extra"]
[Source "ChessBase"]
[SourceDate "2011.05.03"]
[SourceVersion "1"]
[SourceVersionDate "2011.05.03"]
[SourceQuality "1"]

1. e4 c5 2. Nf3 d6 3. d4 cxd4 4. Nxd4 Nf6 5. Nc3 Nc6 6. Bc4 e6 7. Be3 Be7 8. Bb3 0-0 9. Qe2 Qc7 10. 0-0-0 a6 11. f3 Nd7 12. g4 Nc5 13. h4 b5 14. g5 Bd7 15. g6 fxg6 16. h5 Nxd4 17. Bxd4 Nxb3+ 18. axb3 g5 19. h6 g6 20. Qd3 b4 21. Ne2 Bb5 22. Qe3 Rac8 23. Rd2 e5 24. Bb6 Qb7 25. Ba5 Bxe2 26. Rxe2 Rc5 0-1

[Event "Chervonograd"]
[Site "Chervonograd"]
[Date "2009.12.18"]
[Round "6"]
[White "Kagramanianz, Vartan"]
[Black "Pugachov, Ilia"]
[Result "1/2-1/2"]
[WhiteElo "2240"]
[BlackElo "2074"]
[PlyCount "46"]
[EventDate "2009.12.15"]
[EventType "tourn"]
[EventRounds "13"]
[EventCountry "UKR"]
[EventCategory "2"]
[SourceTitle "CBM 134 Extra"]
[Source "ChessBase"]
[SourceDate "2010.03.03"]
[SourceVersion "1"]
[SourceVersionDate "2010.03.03"]
[SourceQuality "1"]

1. e4 c5 2. Nf3 d6 3. d4 cxd4 4. Nxd4 Nf6 5. Nc3 a6 6. Bg5 e6 7. f4 Be7 8. Qf3 h6 9. Bh4 g5 10. fxg5 Nfd7 11. Nxe6 fxe6 12. Qh5+ Kf8 13. Bb5 Rh7 14. 0-0+ Kg8 15. g6 Rg7 16. Rf7 Bxh4 17. Qxh6 Rxf7 18. gxf7+ Kxf7 19. Qh7+ Kf8 20. Rf1+ Bf6 21. Nd5 exd5 22. Qh8+ Ke7 23. Qh7+ Kf8 1/2-1/2

[Event "Chervonograd"]
[Site "Chervonograd"]
[Date "2009.12.18"]
[Round "5"]
[White "Pugachov, Ilia"]
[Black "Iakymov, Volodymyr"]
[Result "1/2-1/2"]
[WhiteElo "2074"]
[BlackElo "2457"]
[PlyCount "68"]
[EventDate "2009.12.15"]
[EventType "tourn"]
[EventRounds "13"]
[EventCountry "UKR"]
[EventCategory "2"]
[SourceTitle "CBM 134 Extra"]
[Source "ChessBase"]
[SourceDate "2010.03.03"]
[SourceVersion "1"]
[SourceVersionDate "2010.03.03"]
[SourceQuality "1"]

1. Nf3 d5 2. c4 e6 3. cxd5 exd5 4. d4 c5 5. Nc3 Nc6 6. g3 c4 7. Bg2 Bb4 8. 0-0 Nge7 9. e4 dxe4 10. Nxe4 Bg4 11. a3 Ba5 12. d5 Nxd5 13. Nc5 Nde7 14. Nxb7 Qxd1 15. Rxd1 0-0 16. h3 Bxf3 17. Bxf3 Rab8 18. Nxa5 Nxa5 19. Bf4 Rb3 20. Kg2 Rc8 21. Be5 Rb5 22. Re1 Ng6 23. Bc3 h5 24. Rad1 Nc6 25. Rd7 Nge5 26. Bxc6 Nxc6 27. Re4 Rc5 28. h4 a5 29. Rf4 f6 30. Re4 Kf8 31. Re6 Rb5 32. Re4 Rc5 33. Re6 Rb5 34. Re4 Rc5 1/2-1/2

[Event "Alushta May-B"]
[Site "Alushta"]
[Date "2009.05.??"]
[Round "16"]
[White "Pugachov, Ilia"]
[Black "Khader, Sami"]
[Result "0-1"]
[WhiteElo "2054"]
[BlackElo "2402"]
[PlyCount "26"]
[EventDate "2009.05.??"]
[EventType "tourn"]
[EventRounds "18"]
[EventCountry "UKR"]
[EventCategory "5"]
[SourceTitle "CBM 130 Extra"]
[Source "ChessBase"]
[SourceDate "2009.07.02"]
[SourceVersion "2"]
[SourceVersionDate "2009.07.15"]
[SourceQuality "1"]

1. g3 e5 2. d3 d5 3. Bg2 Nf6 4. Nf3 Nc6 5. 0-0 Be7 6. c4 dxc4 7. Qa4 cxd3 8. Nxe5 dxe2 9. Re1 0-0 10. Nxc6 bxc6 11. Qxc6 Rb8 12. Rxe2 Qd1+ 13. Bf1 Bh3 0-1

[Event "Alushta May-B"]
[Site "Alushta"]
[Date "2009.05.??"]
[Round "6"]
[White "Pugachov, Ilia"]
[Black "Otchiyev, Arslan"]
[Result "1-0"]
[WhiteElo "2054"]
[BlackElo "2230"]
[PlyCount "66"]
[EventDate "2009.05.??"]
[EventType "tourn"]
[EventRounds "18"]
[EventCountry "UKR"]
[EventCategory "5"]
[SourceTitle "CBM 130 Extra"]
[Source "ChessBase"]
[SourceDate "2009.07.02"]
[SourceVersion "2"]
[SourceVersionDate "2009.07.15"]
[SourceQuality "1"]

1. e4 c5 2. Nc3 Nc6 3. f4 g6 4. Nf3 Bg7 5. Bb5 Nd4 6. Bd3 d6 7. Nxd4 Bxd4 8. Ne2 Bg7 9. Bb5+ Bd7 10. Bxd7+ Qxd7 11. d3 d5 12. 0-0 e6 13. e5 Ne7 14. Be3 d4 15. Bf2 g5 16. fxg5 Bxe5 17. Bg3 Qd6 18. Bxe5 Qxe5 19. Ng3 Qxg5 20. Ne4 Qe5 21. Qe1 Ng6 22. Qa5 0-0 23. Rae1 Kg7 24. Qd2 h6 25. Rf3 Rac8 26. Qf2 Rc7 27. Nf6 Qd6 28. h4 e5 29. Qg3 Kh8 30. Qg4 Nf4 31. Qf5 Kg7 32. Rxf4 Rh8 33. Rxe5 h5 1-0

[Event "Alushta May-B"]
[Site "Alushta"]
[Date "2009.05.??"]
[Round "12"]
[White "Shtyrenkov, Veniamen"]
[Black "Pugachov, Ilia"]
[Result "1-0"]
[WhiteElo "2380"]
[BlackElo "2054"]
[PlyCount "99"]
[EventDate "2009.05.??"]
[EventType "tourn"]
[EventRounds "18"]
[EventCountry "UKR"]
[EventCategory "5"]
[SourceTitle "CBM 130 Extra"]
[Source "ChessBase"]
[SourceDate "2009.07.02"]
[SourceVersion "2"]
[SourceVersionDate "2009.07.15"]
[SourceQuality "1"]

1. d4 e6 2. c4 f5 3. g3 Nf6 4. Bg2 Be7 5. Nf3 d5 6. 0-0 c6 7. Nc3 0-0 8. Rb1 Qe8 9. b4 dxc4 10. e4 fxe4 11. Ne5 b5 12. Nxe4 Nxe4 13. Bxe4 Bf6 14. Qg4 Bxe5 15. dxe5 Bb7 16. Be3 Nd7 17. f4 Nb6 18. Bc5 Rf7 19. f5 Bc8 20. f6 Nd5 21. Qh5 g6 22. Bxg6 hxg6 23. Qxg6+ Kh8 24. Qh5+ Kg8 25. Rbe1 Bd7 26. Re4 Rh7 27. f7+ Rxf7 28. Rxf7 Qxf7 29. Rg4+ Qg7 30. Rxg7+ Kxg7 31. Qg4+ Kf7 32. Kf2 a5 33. Qf3+ Kg7 34. Qa3 Be8 35. bxa5 Bg6 36. a6 c3 37. a7 c2 38. Ke1 b4 39. Qb2 Rd8 40. Bd6 Ra8 41. Bc5 Rd8 42. h4 Be4 43. Qc1 Ra8 44. Qg5+ Kh8 45. Kd2 Nc3 46. Be7 Nd5 47. Bf6+ Nxf6 48. Qxf6+ Kh7 49. Qe7+ Kg8 50. h5 1-0